00690nam a2200217Ia 4500003000400000005001700004008004100021040000700062041000800069082001300077100002800090245004900118260004200167300001100209365001300220650003700233906003500270942001200305999001900317952013600336OSt20230424112816.0210423s2000 xx 000 0 und d cAL aeng a628 CHAA aCHATTERJI (A K).991972 aIntroduction to environmental biotechnology. aNew DelhibPHI Learning Pvt Ltdc2000 axv,179 b150cINR aEnvironmental Engineering991973 abiotechnology. ; environmental 2ddccBK c162550d162550 001040708BTaSACPGbSACPGd2003-04-24eGangarams Book Bureaug150.00l0o628 CHAApPG009043r2022-08-24 00:00:00w2021-04-26yBK